[Event "Amager-ch D"]
[Site "Amager"]
[Date "2014.08.26"]
[Round "2"]
[White "Sdun, Martin Ulrik"]
[Black "Nielsen, Bjorn1111"]
[Result "1-0"]
[WhiteElo "1246"]
[BlackElo "1050"]
[PlyCount "95"]
[EventDate "2014.08.19"]
[EventType "tourn"]
[EventRounds "7"]
[EventCountry "DEN"]
[SourceTitle "EXT 2023"]
[Source "ChessBase"]
[SourceDate "2022.10.05"]
[SourceVersion "1"]
[SourceVersionDate "2022.10.05"]
[SourceQuality "1"]

1. d4 d5 2. Nf3 Nf6 3. Bf4 e6 4. e3 Bb4+ 5. c3 Be7 6. Nbd2 b6 7. Bd3 Ba6 8. Bxa6 Nxa6 9. Qa4+ Qd7 10. Qxa6 b5 11. Qb7 0-0 12. Qxc7 Rfc8 13. Qxd7 Nxd7 14. 0-0 Nf6 15. Rfc1 h6 16. b4 a5 17. bxa5 Rxa5 18. Nb3 Ra4 19. Nfd2 Ba3 20. Rc2 Ne4 21. Nxe4 dxe4 22. Nd2 f5 23. Rb1 b4 24. c4 Rc6 25. c5 h5 26. Nc4 Ra8 27. Nxa3 bxa3 28. Rb8+ Rc8 29. Rxc8+ Rxc8 30. h4 Rc6 31. Rc3 g6 32. Rxa3 Kf7 33. Ra7+ Kf8 34. a4 Ke8 35. a5 Kd8 36. Ra8+ Rc8 37. Rxc8+ Kxc8 38. Kf1 Kb7 39. Ke2 Ka6 40. c6 Kxa5 41. c7 Kb6 42. c8Q g5 43. Qc7+ Kb5 44. Qc5+ Ka4 45. Qb6 gxf4 46. Kd2 fxe3+ 47. Kc3 exf2 48. Qa6# 1-0